000 00831nam a22002297a 4500
999 _c6881
_d6881
003 AR-CdUCM
008 190319b ||||| |||| 00| 0 spa d
040 _aMUNICIPALIDAD PROVINCIAL DEL CUSCO
_cBIBLIOTECA MUNICIPAL DEL CUSCO
082 _a321.4 /
_bO99
100 _aO´donnell, Guillermo
_919391
245 _aTransiciones desde un gobierno Autoritario /
260 _aBuenos Aires :
_bPaidos,
_c1989.
300 _a319 paginas ;
_c22cm.
500 _aEl Cap. 7 del t. 2 se refiere al Perú.
505 _aContenido: t.1. Europa Meridional -- t.2. América Latina -- t.3. Perspectivas comparadas -- t.4. Conclusiones tentativas sobre las democracias inciertas.
650 _aDemocracia
_92598
650 _aEuropa
_91221
650 _aEnsayos
_9375
650 _aConferencias
_9376
942 _2ddc
_cLIBROS
945 _apjha